000 02229nam a2200445 c 4500
003 BLK
005 20240704005337.0
008 180409b bul|||||r ||||||| ||bul||
010 _aKNG00108881000
020 _a954-8190-26-5
_bиздат.: Лени-Ан
040 _aBLK
041 _aBUL
_cBUL
072 7 _2bullib
_aЯ
_xАвтографи
080 _aБългарска литература
_b821.163.2
_x.09(092)
_z821.163.2.09(092)
080 _aБългарска литература
_b821.163.2
_x.073.18
_z821.163.2.073.18
080 _aБългарска литература
_b821.163.2
_x.03
_z821.163.2.03
080 _aБългарски писател, адвокат и общественик (1863-1897)
_b929 Константинов, Алеко Иваницов
_x
_z929 Константинов, Алеко Иваницов
100 1 _aНедкова, Емилия Димитрова
_eпърви автор
_9291383
139 _aНедкова, Емилия Димитрова
_bК 82
245 1 0 _aФразеологично богатство в творчеството на Алеко Константинов
_cЕмилия Димитрова Недкова.
257 _aBGR
260 Русе
_bЛени-Ан
_c2003
_fРусе : Лени Ан
300 _a183 с.
_c22 см
380 _a82
500 _aСъдържа и Речник на фразеологизмите в творчеството на Алеко Константинов и техните съответствия на сръбски и руски език. - Библиогр. с. 175-182
650 4 _aПисатели, български - език и стил
_9279205
650 0 _aБългарска литература - превод на други езици
_9309683
653 _aАлеко Константинов
653 _aбългарска литература
653 _aпреводи
653 _aсръбски език
653 _aруски език
659 _aЯ
852 _aЦб 216640
856 4 _qpdf
_u
856 4 _qpdf
_u
942 _cKNG
_n0
_01
944 _aCR
_c12.11.2003
_k
_lCRON CRON
944 _aED
_c08.05.2012
_k
999 _c103801
_d103801